00834nam a2200265Ia 4500008004100000020001600041050000800057050001000065100001900075245005300094245006100147260002000208260001500228260000900243300001600252300002600268300001100294440003200305440001200337650004700349650001100396700002600407999001900433952011600452170203s9999 xx 000 0 und d a0-721408869 aFic bC712k aCollins, Joan. aKing Arthur and the knights of the Round Table / cwritten by Joan Collins ; illustrated by Amlcolm Stokes. aLoughborough :  bLadybird,  c1986 a43 pages :  bcolor illustrations : c18 cm. aMyths, fables and legends ; vno. 740 aChildren's stories in English -- 1945- --  xTexts. aStokes, Malcolm, ill. c306642d306642 001040aSSISBbSSISBcGS FICTIONd2017-02-03l0oFic .C712k 1986pLS-0726r2017-02-03 00:00:00w2017-02-03yBK